000 00358nam a2200133Ia 4500
008 220217s9999||||xx |||||||||||||| ||und||
020 _a81-7808-703-0
082 _a004.65 WIS
100 _aWisniewski, Steve
_92861
245 0 _aNetwork administration
260 _aPearson education asia
_bDelhi
_c2002
300 _b350
650 _aCOMPUTER NETWORK
999 _c170139
_d170139